| 000 | 00449nam a2200169Ia 4500 | ||
|---|---|---|---|
| 003 | GCL | ||
| 008 | 140319s9999 xx 000 0 eng d | ||
| 020 | _a0002550296 | ||
| 040 |
_aGCL / _cGCL |
||
| 082 | 0 | 4 |
_a641.59593 _bC T |
| 245 | 1 | 0 | _aTHAILAND THE BEAUTIFUL COOKBOOK |
| 260 |
_aنيويورك : _bCOLLINS AND BROWN LIMITED |
||
| 300 |
_a32 cm ؛ _c256 p |
||
| 650 | 0 | 4 | _aCOOKING |
| 650 | 0 | 4 | _aTHAILAND - SOCIAL LIFE AND CUSTOMS |
| 942 |
_2ddc _cBK |
||
| 999 |
_c5846 _d5846 |
||